<?xml version="1.0" encoding="UTF-8"?>
<record
    xmlns:xsi="http://www.w3.org/2001/XMLSchema-instance"
    xsi:schemaLocation="http://www.loc.gov/MARC21/slim http://www.loc.gov/standards/marcxml/schema/MARC21slim.xsd"
    xmlns="http://www.loc.gov/MARC21/slim">

  <leader>01938nam a2200481 a 4500</leader>
  <controlfield tag="001">55407</controlfield>
  <controlfield tag="003">BD-RjUL</controlfield>
  <controlfield tag="005">20211209080248.0</controlfield>
  <controlfield tag="008">161117s1983    xxu |||  b    ||1 | eng d</controlfield>
  <datafield tag="035" ind1=" " ind2=" ">
    <subfield code="a">(BD-RjUL)55530</subfield>
  </datafield>
  <datafield tag="040" ind1=" " ind2=" ">
    <subfield code="a">ericd</subfield>
    <subfield code="b">eng</subfield>
    <subfield code="c">ericd</subfield>
    <subfield code="d">MvI</subfield>
    <subfield code="d">BD-RjUL</subfield>
  </datafield>
  <datafield tag="041" ind1=" " ind2=" ">
    <subfield code="a">eng</subfield>
  </datafield>
  <datafield tag="082" ind1=" " ind2=" ">
    <subfield code="2">23</subfield>
    <subfield code="a">304.607016</subfield>
    <subfield code="b">POP 1983</subfield>
  </datafield>
  <datafield tag="110" ind1="2" ind2=" ">
    <subfield code="a">United Nations Educational, Scientific, and Cultural Organization, Bangkok (Thailand). Regional Office for Education in Asia and the Pacific.</subfield>
    <subfield code="9">165053</subfield>
  </datafield>
  <datafield tag="245" ind1="1" ind2="0">
    <subfield code="a">Population Education Programme in Asia :</subfield>
    <subfield code="b">What Research Says /</subfield>
    <subfield code="c">Unesco</subfield>
  </datafield>
  <datafield tag="260" ind1=" " ind2=" ">
    <subfield code="a">[Washington, D.C.] :</subfield>
    <subfield code="b">Distributed by ERIC Clearinghouse,</subfield>
    <subfield code="c">c1983.</subfield>
  </datafield>
  <datafield tag="300" ind1=" " ind2=" ">
    <subfield code="a">187 p.</subfield>
    <subfield code="c">23 cm.</subfield>
  </datafield>
  <datafield tag="490" ind1=" " ind2=" ">
    <subfield code="a">Abstract- bibliography series</subfield>
    <subfield code="v">4</subfield>
  </datafield>
  <datafield tag="504" ind1=" " ind2=" ">
    <subfield code="a">Inculdes bibliography and index</subfield>
  </datafield>
  <datafield tag="650" ind1="0" ind2="7">
    <subfield code="a">Classroom Research.</subfield>
    <subfield code="2">ericd</subfield>
    <subfield code="9">165039</subfield>
  </datafield>
  <datafield tag="650" ind1="0" ind2="7">
    <subfield code="a">Classroom Techniques.</subfield>
    <subfield code="2">ericd</subfield>
    <subfield code="9">165040</subfield>
  </datafield>
  <datafield tag="650" ind1="0" ind2="7">
    <subfield code="a">Curriculum Development.</subfield>
    <subfield code="2">ericd</subfield>
    <subfield code="9">157415</subfield>
  </datafield>
  <datafield tag="650" ind1="1" ind2="7">
    <subfield code="a">Developing Nations.</subfield>
    <subfield code="2">ericd</subfield>
    <subfield code="9">132755</subfield>
  </datafield>
  <datafield tag="650" ind1="0" ind2="7">
    <subfield code="a">Developmental Programs.</subfield>
    <subfield code="2">ericd</subfield>
    <subfield code="9">165041</subfield>
  </datafield>
  <datafield tag="650" ind1="0" ind2="7">
    <subfield code="a">Elementary Secondary Education.</subfield>
    <subfield code="2">ericd</subfield>
    <subfield code="9">141932</subfield>
  </datafield>
  <datafield tag="650" ind1="1" ind2="7">
    <subfield code="a">Evaluation Methods.</subfield>
    <subfield code="2">ericd</subfield>
    <subfield code="9">165042</subfield>
  </datafield>
  <datafield tag="650" ind1="0" ind2="7">
    <subfield code="a">Foreign Countries.</subfield>
    <subfield code="2">ericd</subfield>
    <subfield code="9">165043</subfield>
  </datafield>
  <datafield tag="650" ind1="0" ind2="7">
    <subfield code="a">Higher Education.</subfield>
    <subfield code="2">ericd</subfield>
    <subfield code="9">165044</subfield>
  </datafield>
  <datafield tag="650" ind1="0" ind2="7">
    <subfield code="a">Instructional Materials.</subfield>
    <subfield code="2">ericd</subfield>
    <subfield code="9">165045</subfield>
  </datafield>
  <datafield tag="650" ind1="0" ind2="7">
    <subfield code="a">Parent Attitudes.</subfield>
    <subfield code="2">ericd</subfield>
    <subfield code="9">165046</subfield>
  </datafield>
  <datafield tag="650" ind1="0" ind2="7">
    <subfield code="a">Personnel Evaluation.</subfield>
    <subfield code="2">ericd</subfield>
    <subfield code="9">165047</subfield>
  </datafield>
  <datafield tag="650" ind1="1" ind2="7">
    <subfield code="a">Population Education.</subfield>
    <subfield code="2">ericd</subfield>
    <subfield code="9">165048</subfield>
  </datafield>
  <datafield tag="650" ind1="0" ind2="7">
    <subfield code="a">Program Evaluation.</subfield>
    <subfield code="2">ericd</subfield>
    <subfield code="9">165049</subfield>
  </datafield>
  <datafield tag="650" ind1="1" ind2="7">
    <subfield code="a">Research Methodology.</subfield>
    <subfield code="2">ericd</subfield>
    <subfield code="9">165050</subfield>
  </datafield>
  <datafield tag="650" ind1="1" ind2="7">
    <subfield code="a">Social Science Research.</subfield>
    <subfield code="2">ericd</subfield>
    <subfield code="9">149962</subfield>
  </datafield>
  <datafield tag="650" ind1="0" ind2="7">
    <subfield code="a">Student Attitudes.</subfield>
    <subfield code="2">ericd</subfield>
    <subfield code="9">149531</subfield>
  </datafield>
  <datafield tag="650" ind1="0" ind2="7">
    <subfield code="a">Teacher Attitudes.</subfield>
    <subfield code="2">ericd</subfield>
    <subfield code="9">165051</subfield>
  </datafield>
  <datafield tag="650" ind1="0" ind2="7">
    <subfield code="a">Teacher Education.</subfield>
    <subfield code="2">ericd</subfield>
    <subfield code="9">141936</subfield>
  </datafield>
  <datafield tag="650" ind1="0" ind2="7">
    <subfield code="a">Teaching Methods.</subfield>
    <subfield code="2">ericd</subfield>
    <subfield code="9">149197</subfield>
  </datafield>
  <datafield tag="653" ind1="1" ind2=" ">
    <subfield code="a">Asia</subfield>
  </datafield>
  <datafield tag="655" ind1=" " ind2="7">
    <subfield code="a">Reference Materials, Bibliographies.</subfield>
    <subfield code="2">ericd</subfield>
    <subfield code="9">165054</subfield>
  </datafield>
  <datafield tag="942" ind1=" " ind2=" ">
    <subfield code="2">ddc</subfield>
    <subfield code="c">BK</subfield>
  </datafield>
  <datafield tag="999" ind1=" " ind2=" ">
    <subfield code="c">55407</subfield>
    <subfield code="d">55407</subfield>
  </datafield>
  <datafield tag="952" ind1=" " ind2=" ">
    <subfield code="0">0</subfield>
    <subfield code="1">0</subfield>
    <subfield code="2">ddc</subfield>
    <subfield code="4">0</subfield>
    <subfield code="7">0</subfield>
    <subfield code="8">NFIC</subfield>
    <subfield code="a">RUCL</subfield>
    <subfield code="b">RUCL</subfield>
    <subfield code="c">Stack</subfield>
    <subfield code="d">1997-12-27</subfield>
    <subfield code="e">Aligarh library raj.</subfield>
    <subfield code="g">325.00</subfield>
    <subfield code="l">0</subfield>
    <subfield code="o">304.607016 POP 1983</subfield>
    <subfield code="r">2016-11-17 00:00:00</subfield>
    <subfield code="t">C-2</subfield>
    <subfield code="w">2016-11-17</subfield>
    <subfield code="y">BK</subfield>
  </datafield>
</record>
